| 000 | 00478nam a2200181 i 4500 | ||
|---|---|---|---|
| 001 | bg | ||
| 100 | 1 | _aSIERADZKI, Marian | |
| 245 | 0 |
_aGeodezja w inżynierii wodnej i lądowej / _cMarian Sieradzki ; Politechnika Gdańska. |
|
| 250 | _aWyd. 4. | ||
| 260 |
_aGdańsk : _bWydaw. PG, _c1990. |
||
| 650 | 9 | _aGeodezja | |
| 655 | _aPodręczniki akademickie | ||
| 040 | _cBPK | ||
| 041 | _apol | ||
| 080 | _a528(075.8) | ||
| 942 | _cKS | ||
| 008 | s pl f |000 0 pol | ||
| 999 |
_c4591 _d4591 |
||
| 856 |
_uhttp://koha.tu.koszalin.pl/cgi-bin/koha/opac-detail.pl?biblionumber=4591 _yKatalog online BPK |
||